01663nam a2200241 i 4500003000400000005001700004008004100021020003900062040002500101082001400126100002900140245003100169264005100200300002700251336002100278337002500299338002300324520098500347650002101332650002101353650002101374650002601395OSt20260427093317.0260427s2025 enk gr 000 f eng d a9780241771259cRM 72.95qpaperback aPPAKbengcPPAKerda04223a813.61 aMunda, Rosaria,eauthor.10aFIREBORNE /cROSARIA MUNDA 1aLondon :bDorling Kindersley Limited, c[2025] a431, 11 pages ;c20 cm atext2rdacontent aunmediated2rdamedia avolume2rdacarrier a"When the revolution came, everything changed. The old rulers were overthrown and the city’s traditions were shattered. Annie and Lee grew up in the aftermath, their lives shaped by the chaos. Brought together in the same orphanage and despite their differences, they became each other’s closest ally. But years of training have turned their friendship into rivalry as they now compete to lead the city’s legendary dragonriders. Just as they’re finding their footing, a new threat arises: survivors of the old regime are back, determined to take revenge. As dragons soar into battle and the city’s future hangs in the balance, Annie and Lee must decide what truly matters: the bonds of family, the loyalty of friendship, or the destiny they’ve been fighting for all along.An action-packed adventure of courage, betrayal, and the choices that shape us, this is a story about discovering where you belong – and who you are willing to fight for."--cPublisher's website10aDragonsvFiction20aOrphansvFiction20aLoyaltyvFiction20aSocial classvFiction